Central Library and Information Centre
Sibsagar Girls' College, Sivasagar : Assam

NUMERICAL PROBLEMS IN CHEMISTRY (Record no. 5647)

MARC details
000 -LEADER
fixed length control field 00398cam a2200169ua 4500
008 - FIXED-LENGTH DATA ELEMENTS--GENERAL INFORMATION
fixed length control field 120804n1990 II |||gr||||Z||||||eng
040 ## - CATALOGING SOURCE
Original cataloging agency MAIN
041 ## - LANGUAGE CODE
-- English
100 ## - MAIN ENTRY--PERSONAL NAME
Personal name BAHL, B. S.
245 ## - TITLE STATEMENT
Title NUMERICAL PROBLEMS IN CHEMISTRY
260 ## - PUBLICATION, DISTRIBUTION, ETC.
Place of publication, distribution, etc. NEW DELHI
Name of publisher, distributor, etc. S.CHAND & COMPANY
Date of publication, distribution, etc. 1990
300 ## - PHYSICAL DESCRIPTION
Extent 264:
Dimensions 22CM.
700 ## - ADDED ENTRY--PERSONAL NAME
Personal name SHARMA, G. D.
700 ## - ADDED ENTRY--PERSONAL NAME
Personal name BAHL, ARUN.
942 ## - ADDED ENTRY ELEMENTS (KOHA)
Koha item type Books
Holdings
Withdrawn status Lost status Source of classification or shelving scheme Damaged status Not for loan Collection code Home library Current library Shelving location Date acquired Full call number Barcode Date last seen Price effective from Koha item type Public note
    Dewey Decimal Classification     TBCHE Central Library and Information Centre Sibsagar Girls College Central Library and Information Centre Sibsagar Girls College CHEMISTRY BOOK RACK 19.06.1995 540 BAH 13702 06.06.2023 06.06.2023 Books V


Sibsagar Girl's College © 2020. All rights reserved.
Powered by Koha.
Maintained by Abhijit Borpuzari.